| 000 | 00490nam a22001817a 4500 | ||
|---|---|---|---|
| 005 | 20250717150452.0 | ||
| 008 | 250717b |||||||| |||| 00| 0 eng d | ||
| 020 | _a978-1-4080-7738-2 | ||
| 050 |
_aTL 146 .S64 2013 _b109240 |
||
| 100 | _aspencer Andrew | ||
| 245 | _aMATHS AND ENGLISH FOR AUTOMOTIVE | ||
| 260 |
_aUSA _bCENGAGE LEARNING _c2013 |
||
| 300 | _aIII-81P. | ||
| 500 | _aIT HAS ILLUSTRATIONS | ||
| 650 | _aENGLISH LANGUAGE | ||
| 700 | _aENGLISH LANGUAGE | ||
| 942 |
_2lcc _cBK |
||
| 999 |
_c215927 _d215927 |
||